[Event "GM"]
[Site "Dortmund GER"]
[Date "2000.07.14"]
[Round "7"]
[White "Naiditsch,A"]
[Black "Wegener,O"]
[Result "1-0"]
[WhiteElo "2442"]
[BlackElo "2359"]

1.e4 c5 2.Nf3 d6 3.d4 cxd4 4.Nxd4 Nf6 5.Nc3 a6 6.Be3 e6 7.f3 b5 8.Qd2 Nbd7
9.g4 h6 10.O-O-O Bb7 11.Bd3 Ne5 12.Rhe1 b4 13.Na4 d5 14.exd5 Nxd5 15.f4 Nxg4
16.Nxe6 fxe6 17.Bd4 Bd6 18.Qe2 Nxf4 19.Qxg4 Qg5 20.Qxg5 hxg5 21.Bc4 Kf7 22.Bxg7 Rhd8
23.Bd4 Nd5 24.Bg1 Rh8 25.Kb1 Rad8 26.Rd2 Bf4 27.Rde2 Nc7 28.Bxe6+ Nxe6 29.Rxe6 Rhe8
30.Rxe8 Rxe8 31.Rxe8 Kxe8 32.Nc5 Bc8 33.Nd3 Bd6 34.Be3 Bxh2 35.Bxg5 a5 36.Bf4 Bg1
37.Bc7 a4 38.Nxb4 Kd7 39.Bf4 Ke6 40.Kc1 Bc5 41.Nd3 Bd4 42.c3 Bb6 43.Kd2 Kd5
44.Be3 Bc7 45.Nc5 a3 46.b3 Bf5 47.Nd3 Kc6 48.Nb4+ Kb7 49.Nd3 Kc6 50.Bh6 Bd6
51.c4 Be7 52.Bg7 Bh7 53.Kc3 Kb7 54.Bd4 Kc6 55.b4 Kb7 56.Nc5+ Kc7 57.Kb3 Bg8
58.Ne4 Kb7 59.Be3  1-0

[Event "t-EuCh U18"]
[Site "Balatonlelle HUN"]
[Date "2000.07.15"]
[Round "7"]
[White "Kovchan,A"]
[Black "Flumbort,A"]
[Result "1-0"]
[WhiteElo "2420"]
[BlackElo "2355"]

1.e4 c5 2.Nf3 d6 3.d4 cxd4 4.Nxd4 Nf6 5.Nc3 a6 6.Be3 e6 7.f3 b5 8.g4 Bb7
9.g5 Nfd7 10.Qd2 Nb6 11.O-O-O N8d7 12.h4 b4 13.Nb1 d5 14.Bh3 Nc4 15.Qe2 Nxe3
16.Qxe3 Bc5 17.e5 Rc8 18.f4 g6 19.h5 Rg8 20.Rh2 Qb6 21.Bg4 Nb8 22.Qd3 a5
23.Rhd2 Ba6 24.Qh3 Bxd4 25.Rxd4 Qc5 26.R4d2 Ke7 27.Qh2 Rc6 28.Qf2 Nd7 29.Bh3 Qxf2
30.Rxf2 b3 31.axb3 Rb8 32.Nc3 Rb4 33.Bg2 Rc8 34.Bxd5 exd5 35.Nxd5+ Ke8 36.Nxb4 axb4
37.Rd4 Nc5 38.Kb1 Rb8 39.hxg6 hxg6 40.f5 gxf5 41.Rxf5 Bc8 42.Rff4 Na6 43.Rf6 Rb5
44.g6 fxg6 45.Rxg6  1-0

[Event "6th Tan Chin Nam Cup"]
[Site "Beijing CHN"]
[Date "2000.07.15"]
[Round "7"]
[White "Zhang Zhong"]
[Black "Short,N"]
[Result "1/2-1/2"]
[WhiteElo "2636"]
[BlackElo "2677"]

1.e4 c5 2.Nf3 d6 3.d4 cxd4 4.Nxd4 Nf6 5.Nc3 a6 6.Be3 e5 7.Nb3 Be6 8.f3 Be7
9.Qd2 h5 10.O-O-O Nbd7 11.Kb1 Rc8 12.Nd5 Nxd5 13.exd5 Bf5 14.Bd3 Bxd3 15.Qxd3 g6
16.g3 Qc7 17.f4 f5 18.h3 Qc4 19.Qd2 Kf7 20.Qg2 Bf6 21.Rhf1 e4 22.Rfe1 a5
23.Qe2 Qxe2  1/2-1/2

[Event "Open"]
[Site "Dieren NED"]
[Date "2000.07.18"]
[Round "1"]
[White "Meijers,V"]
[Black "Hamelink,D"]
[Result "1-0"]
[WhiteElo "2478"]
[BlackElo "2176"]

1.e4 c5 2.Nf3 d6 3.d4 cxd4 4.Nxd4 Nf6 5.Nc3 a6 6.Be3 e5 7.Nf3 Be7 8.Bc4 O-O
9.O-O Qc7 10.Bd5 Bd7 11.Bg5 Bc6 12.Bxf6 Bxf6 13.Qd2 Nd7 14.Rad1 Be7 15.Rfe1 Nf6
16.Re2 Rac8 17.h3 Nh5 18.g3 Qb6 19.Re3 Rc7 20.Bb3 Nf6 21.Qe2 Rfc8 22.Kh2 Bf8
23.Nh4 g6 24.Rf3 Kg7 25.Ng2 a5 26.a4 Qb4 27.Re1 Be7 28.g4 Rf8 29.Rg3 Nd7
30.Ne3 Nb6 31.Nf5+ Kh8 32.Na2 Qc5  1-0

[Event "10th Open"]
[Site "Jyvaskyla FIN"]
[Date "2000.07.19"]
[Round "2"]
[White "Tiitta,S"]
[Black "Anka,E"]
[Result "0-1"]
[WhiteElo "2217"]
[BlackElo "2451"]

1.e4 c5 2.Nf3 d6 3.d4 cxd4 4.Nxd4 Nf6 5.Nc3 a6 6.Be3 e6 7.Qd2 b5 8.f3 Nbd7
9.g4 Nb6 10.O-O-O Bb7 11.Qg2 Nbd7 12.Kb1 Rc8 13.Bc1 Qc7 14.Bd3 b4 15.Nce2 d5
16.exd5 Nxd5 17.Rhe1 Nc5 18.Ng3 Nxd3 19.Rxd3 Bc5 20.Ne4 Be7 21.g5 Nf4 22.Bxf4 Qxf4
23.h4 O-O 24.Ne2 Qc7 25.N2g3 Rfd8 26.Rxd8+ Rxd8 27.h5 Kh8 28.Rg1 Qe5 29.g6 f5
30.Nf2 Rd2 31.Rd1 Bf6 32.c3 Rxb2+ 33.Ka1 Qxc3 34.Nfe4 fxe4 35.Rd8+ Bxd8 36.Qxb2 Qe1+
37.Qb1 Bf6+  0-1

[Event "Open"]
[Site "Dieren NED"]
[Date "2000.07.21"]
[Round "4"]
[White "Van Delft,M"]
[Black "Spaan,N"]
[Result "1-0"]
[WhiteElo "2320"]
[BlackElo "2268"]

1.e4 c5 2.Nf3 d6 3.d4 cxd4 4.Nxd4 Nf6 5.Nc3 a6 6.Be3 e5 7.Nb3 Be7 8.f3 Be6
9.Qd2 O-O 10.O-O-O Nc6 11.g4 a5 12.g5 Nd7 13.a4 Nb4 14.Kb1 Rc8 15.h4 Nb6
16.Bxb6 Qxb6 17.Bh3 Rfd8 18.g6 d5 19.gxf7+ Bxf7 20.Bxc8 Rxc8 21.exd5 Bg6
22.Na1 Bc5 23.h5 Bd4 24.hxg6 Bxc3 25.bxc3 Nxd5+ 26.Nb3 Nxc3+ 27.Ka1 Qxg6
28.Qd7  1-0

[Event "10th Open"]
[Site "Jyvaskyla FIN"]
[Date "2000.07.21"]
[Round "5"]
[White "Nouro,M"]
[Black "Leino,J"]
[Result "1/2-1/2"]
[WhiteElo "2397"]
[BlackElo "2228"]

1.e4 c5 2.Nf3 d6 3.d4 cxd4 4.Nxd4 Nf6 5.Nc3 a6 6.Be3 e6 7.g4 Nc6 8.g5 Nd7
9.Bc4 Nc5 10.h4 Bd7 11.a4 Nxe4 12.Nxe4 d5 13.Bd3 dxe4 14.Bxe4 Qc7 15.Qf3 Bb4+
16.c3 Ne5 17.Qd1 Bc5 18.Qe2 O-O 19.f4 Bxd4 20.Bxd4 Nc4 21.Qh5 g6 22.Qh6 e5
23.h5 Bc6 24.f5 exd4 25.f6 Qg3+ 26.Kd1 Nxb2+ 27.Ke2 d3+ 28.Kf1 Qf4+ 29.Kg1 Qe3+
30.Kf1 Qe2+ 31.Kg1 Qg4+ 32.Kf1 Qf4+ 33.Kg1 Qg3+ 34.Kf1 Qf4+  1/2-1/2

[Event "10th Open"]
[Site "Jyvaskyla FIN"]
[Date "2000.07.22"]
[Round "7"]
[White "Nouro,M"]
[Black "Rytshagov,M"]
[Result "0-1"]
[WhiteElo "2397"]
[BlackElo "2529"]

1.e4 c5 2.Nf3 d6 3.d4 cxd4 4.Nxd4 Nf6 5.Nc3 a6 6.Be3 e6 7.g4 h6 8.h3 b5 9.a3 Bb7
10.Bg2 Nbd7 11.Qe2 Rc8 12.O-O Nc5 13.f3 Be7 14.Rad1 Qc7 15.Nb3 O-O 16.Bd4 e5
17.Be3 Na4 18.Nxa4 bxa4 19.Na1 d5 20.Bf2 Bc6 21.Rfe1 Bb5 22.Qe3 d4 23.Qd2 Nd7
24.f4 exf4 25.e5 f3 26.Bh1 Nxe5 27.Bxd4 Be2 28.Rxe2 fxe2 29.Qxe2 Bc5 30.Qxa6 Rfd8
31.Qxa4 Bxd4+ 32.Rxd4 Qb6 33.Nb3 Rc4  0-1

[Event "KB Czech Open"]
[Site "Pardubice CZE"]
[Date "2000.07.23"]
[Round "3"]
[White "Simacek,P"]
[Black "Florean,A"]
[Result "0-1"]
[WhiteElo "2341"]
[BlackElo "2441"]

1.e4 c5 2.Nf3 d6 3.d4 cxd4 4.Nxd4 Nf6 5.Nc3 a6 6.Be3 e5 7.Nf3 Qc7 8.Bg5 Nbd7
9.a4 Be7 10.Nd2 h6 11.Bh4 b6 12.Bc4 Bb7 13.Qe2 O-O 14.O-O Rfe8 15.Rfd1 g5
16.Bg3 Nc5 17.h4 Kg7 18.hxg5 hxg5 19.Qf3 Rh8 20.Qe3 Kg6 21.f3 Rh6 22.Kf2 Rah8
23.Ke2 Nh5 24.Qf2 Ne6 25.Bxe6 fxe6 26.Bh2 Bf6 27.Nf1 Nf4+ 28.Bxf4 exf4 29.Ra3 d5
30.exd5 exd5 31.Kd2 R6h7 32.Kc1 Rd7 33.Ne2 Rh1 34.Nd4 Qc4 35.Qe2 Rxf1 36.Rxf1 Qxd4
37.Qe8+ Rf7 38.Rb3 b5 39.axb5 axb5 40.Qxb5 Kg7 41.Rd1 Qf2 42.Ra3 Rc7 43.Qd3 Qxg2
44.Kb1 Bc6 45.Rd2 Qh1+ 46.Rd1 Qh7 47.Qe2 Rb7 48.Ra2 Bb5 49.Qf2 Qf5 50.Ra7 Qd7
51.Rxb7 Qxb7 52.c3 Bc4 53.Qd2 Qa6 54.b4 Be2 55.Rc1 Bxf3 56.Kb2 Qa4  0-1

[Event "Open"]
[Site "Dieren NED"]
[Date "2000.07.24"]
[Round "6"]
[White "Meijers,V"]
[Black "Vink,N"]
[Result "1-0"]
[WhiteElo "2478"]
[BlackElo "2296"]

1.e4 c5 2.Nf3 d6 3.d4 cxd4 4.Nxd4 Nf6 5.Nc3 a6 6.Be3 e5 7.Nf3 Qc7 8.a4 Be7
9.a5 Nbd7 10.Nd2 b5 11.axb6 Nxb6 12.Bxb6 Qxb6 13.Nc4 Qc5 14.Ra5 Qc7 15.Be2 O-O
16.O-O Be6 17.Nd5 Bxd5 18.exd5 Rfb8 19.Qa1 g6 20.b3 Qc8 21.Ne3 Rb6 22.Qa4 Nd7
23.Bg4 Nc5 24.Bxc8 Nxa4 25.Rxa4 Rxc8 26.Rfa1 Rc3 27.Rxa6 Rb5 28.Rc6 Rxc6
29.dxc6 Rc5 30.Ra6 Bg5 31.b4 Rc3 32.Nd5 Rxc2 33.g3 e4 34.c7  1-0

[Event "Open"]
[Site "Dieren NED"]
[Date "2000.07.26"]
[Round "8"]
[White "Berkvens,J"]
[Black "Vink,N"]
[Result "1-0"]
[WhiteElo "2364"]
[BlackElo "2296"]

1.e4 c5 2.Nf3 d6 3.d4 cxd4 4.Nxd4 Nf6 5.Nc3 a6 6.Be3 e5 7.Nf3 Qc7 8.a4 Be7
9.a5 Nbd7 10.Bd3 O-O 11.O-O b5 12.axb6 Nxb6 13.Qe2 a5 14.Nd2 Be6 15.Bxb6 Qxb6
16.b3 Rfb8 17.h3 g6 18.Rfd1 Qc5 19.Bc4 Rb4 20.Qd3 Nh5 21.Na4 Qc7 22.Qc3 Nf4
23.Kh2 Qb7 24.g3 Bxc4 25.Nxc4 Ne6 26.Rd5 Ng5 27.Qe3 f5 28.Nxd6 Qc6 29.c4 f4
30.gxf4 exf4 31.Qc5 Ra6 32.Rad1 Rxb3 33.Rxg5 Bxd6 34.Rxd6 Qxd6 35.Qc8+ Kg7
36.Rd5 Qe6 37.Rd7+ Kf6 38.Qd8+ Ke5 39.Rd5+ Kxe4 40.Nc5+ Kf3 41.Nxe6 Rxe6
42.Rd2 Rbe3 43.fxe3  1-0

[Event "15th Open"]
[Site "Avoine FRA"]
[Date "2000.07.27"]
[Round "6"]
[White "Moltchanov,R"]
[Black "Calotescu,C"]
[Result "1/2-1/2"]
[WhiteElo "2383"]
[BlackElo "2222"]

1.e4 c5 2.Nf3 d6 3.d4 Nf6 4.Nc3 cxd4 5.Nxd4 a6 6.Be3 e5 7.Nb3 Be6 8.f3 Nc6
9.Qd2 d5 10.exd5 Nxd5 11.Nxd5 Qxd5 12.Qxd5 Bxd5 13.O-O-O O-O-O 14.Bd3 g6
15.c3 Be7 16.Kc2 Rhe8 17.Rd2 Bf8 18.Rhd1 e4 19.fxe4 Bxe4 20.Bxe4 Rxe4 21.Bb6 Rxd2+
22.Rxd2 Re6 23.Bc5 Bxc5 24.Nxc5 Re7 25.b4 Nb8 26.a4 b6 27.Nd3 Re4 28.Nf2 Re6
29.Nh3 Nd7 30.Nf4 Re5 31.Rd5 Kc7 32.Kd3 Re1 33.a5 Kc6 34.c4 Rb1 35.Kc3 Rc1+
36.Kb3 Rb1+ 37.Kc3 Rc1+  1/2-1/2

[Event "MTO Open"]
[Site "Biel SUI"]
[Date "2000.07.27"]
[Round "4"]
[White "Ramesh,R"]
[Black "Rashkovsky,N"]
[Result "0-1"]
[WhiteElo "2450"]
[BlackElo "2508"]

1.e4 c5 2.Nf3 d6 3.d4 cxd4 4.Nxd4 Nf6 5.Nc3 a6 6.Be3 e5 7.Nb3 Be7 8.f3 Be6
9.Qd2 h5 10.O-O-O Nbd7 11.Kb1 Rc8 12.Bd3 Nb6 13.h4 Nc4 14.Bxc4 Rxc4 15.Bg5 Rc6
16.Nd5 Bxd5 17.exd5 Rc8 18.Bxf6 Bxf6 19.Qb4 Qc7 20.c3 O-O 21.g4 Qc4 22.Qxb7 hxg4
23.fxg4 Qxg4 24.Qxa6 Ra8 25.Qd3 Rfb8 26.Rdf1 Qa4 27.Nc1 e4 28.Qc2 Qc4 29.Rf4 Qxc3
30.Qxc3 Bxc3 31.Nb3 Be5 32.Rxe4 f5 33.Rc4 Rb5 34.Rd1 Kh7 35.Rd3 Rab8 36.h5 f4
37.Rc2 Rb4 38.Rdd2 Kh6 39.Na5 Kxh5 40.Nc6 g5 41.Nxe5 dxe5 42.d6 Rd4 43.d7 Rd8
44.Rh2+ Kg6 45.Rc5 R8xd7 46.Rxe5 f3 47.a3 Rd2 48.Re6+ Kf5 49.Rhh6 Rf7 50.Re1 g4  0-1

[Event "Open"]
[Site "Dieren NED"]
[Date "2000.07.27"]
[Round "9"]
[White "Van Delft,M"]
[Black "Jens,J"]
[Result "1/2-1/2"]
[WhiteElo "2320"]
[BlackElo "2280"]

1.e4 c5 2.Nf3 d6 3.d4 cxd4 4.Nxd4 Nf6 5.Nc3 a6 6.Be3 e6 7.g4 h6 8.Bg2 Nbd7
9.h3 g5 10.Qe2 Ne5 11.O-O-O Bd7 12.f4 gxf4 13.Bxf4 Qc7 14.Rhf1 Be7 15.Kb1 O-O-O
16.Bh2  1/2-1/2

[Event "MTO Open"]
[Site "Biel SUI"]
[Date "2000.07.28"]
[Round "5"]
[White "Konguvel,P"]
[Black "Jaracz,P"]
[Result "1-0"]
[WhiteElo "2377"]
[BlackElo "2511"]

1.e4 c5 2.Nf3 d6 3.d4 cxd4 4.Nxd4 Nf6 5.Nc3 a6 6.Be3 e5 7.Nb3 Be6 8.f3 h5
9.Qd2 Nbd7 10.Nd5 Bxd5 11.exd5 g6 12.Be2 Ng8 13.O-O-O a5 14.a4 Bg7 15.f4 Ngf6
16.fxe5 Nxe5 17.Bb5+ Nfd7 18.Rhf1 Qc7 19.Kb1 O-O 20.Bh6 Nc4 21.Bxc4 Qxc4
22.Bxg7 Kxg7 23.Nd4 Ne5 24.Qg5 Kh7 25.h3 f6 26.Qf4 Qxd5 27.Nf5 Qf7 28.Nxd6 Qe7
29.Ne4 Ra6 30.g4 Rb6 31.b3 Kg8 32.gxh5 Qe6 33.Qg3 f5 34.hxg6 Rc8 35.Ng5 Qf6
36.Nh7 Qg7 37.Qh4 Rxg6 38.Rxf5 Qc7 39.Rf2 Nf3 40.Nf6+ Kf7 41.Rd7+ Qxd7 42.Nxd7 Rg1+
43.Kb2  1-0

[Event "MTO Open"]
[Site "Biel SUI"]
[Date "2000.07.28"]
[Round "5"]
[White "Ponomariov,B"]
[Black "Bozinovic,Bog"]
[Result "0-1"]
[WhiteElo "2460"]
[BlackElo "2303"]

1.e4 c5 2.Nf3 d6 3.d4 Nf6 4.Nc3 cxd4 5.Nxd4 a6 6.Be3 Nbd7 7.g4 Nb6 8.Nf5 e6
9.e5 Nfd5 10.Nxd5 Nxd5 11.Nxd6+ Bxd6 12.exd6 Nxe3 13.fxe3 Qh4+ 14.Kd2 O-O
15.c4 e5 16.h3 f5 17.Kc3 Be6 18.Bg2 e4 19.Qd4 Rac8 20.b3 Qf2 21.gxf5 Qxf5
22.Raf1 Qa5+ 23.Kb2 Rfd8 24.Bxe4 Rc5 25.Rhg1 Rd7 26.Qf6 Qd2+ 27.Kb1 Qxd6
28.Qh6 Rf5 29.Qh4 Qe5 30.Rd1 Rxd1+ 31.Rxd1 g5  0-1

[Event "ch-HUN Women"]
[Site "Budapest HUN"]
[Date "2000.07.28"]
[Round "8"]
[White "Madl,I"]
[Black "Vajda,S"]
[Result "0-1"]
[WhiteElo "2418"]
[BlackElo "2282"]

1.e4 c5 2.Nf3 d6 3.d4 Nf6 4.Nc3 cxd4 5.Nxd4 a6 6.Be3 e5 7.Nb3 Be6 8.Qd2 Be7
9.f3 O-O 10.O-O-O b5 11.g4 b4 12.Nd5 Bxd5 13.exd5 a5 14.Kb1 Qc7 15.g5 Nfd7
16.h4 Nb6 17.Bxb6 Qxb6 18.f4 a4 19.Nc1 exf4 20.Re1 Bd8 21.Qxf4 Qc5 22.Qe4 a3
23.Nd3 Qa7 24.b3 Na6 25.Rh2 Ba5 26.Rhe2 Rac8 27.Bh3 Rb8 28.h5 Qc7 29.g6 Kh8
30.gxf7 Rxf7 31.Qe8+ Rf8 32.Qc6 Qxc6 33.dxc6 Nc7 34.Bd7 Nd5 35.Re8 Rbxe8
36.Rxe8 Rxe8 37.Bxe8 Kg8 38.Kc1 Kf8 39.Bd7 Ke7 40.Bg4 Kd8 41.Kd2 Kc7 42.Bf3 Nc3
43.Nf4 Nxa2 44.Ne6+ Kb8 45.Nxg7 Nc3 46.Kc1 Bb6 47.Nf5 Bd8  0-1

[Event "MTO Open"]
[Site "Biel SUI"]
[Date "2000.07.31"]
[Round "7"]
[White "Konguvel,P"]
[Black "Pelletier,Y"]
[Result "0-1"]
[WhiteElo "2377"]
[BlackElo "2474"]

1.e4 c5 2.Nf3 d6 3.d4 cxd4 4.Nxd4 Nf6 5.Nc3 a6 6.Be3 e5 7.Nb3 Be6 8.f3 h5
9.Qd2 Nbd7 10.Nd5 Bxd5 11.exd5 Rc8 12.Na5 Qc7 13.c4 Be7 14.Be2 e4 15.O-O-O Bd8
16.Nb3 O-O 17.Kb1 Qb8 18.fxe4 Nxe4 19.Qd3 Re8 20.Bd4 Nef6 21.Rc1 Bb6 22.Bxb6 Nxb6
23.Nd4 Nbd7 24.Qh3 Re4 25.Rhd1 Qa7 26.Bf1 g6 27.Qg3 Rg4 28.Qf3 Re8 29.c5 dxc5
30.Ne6 fxe6 31.dxe6 Rxe6 32.Bc4 Rxc4 33.Rxc4 Qb6 34.Rf4 Qc6 35.Qb3 Kh7 36.h3 Re4
37.Rf2 c4 38.Qc3 Qe6 39.Rfd2 Re3 40.Qb4 b5 41.Rd6 Qf5+ 42.Ka1 Re2 43.g4 hxg4
44.hxg4 Qxg4 45.Rxa6 Rh2 46.Rad6 Qf5 47.a4 Nc5 48.axb5 Qc2 49.Ka2 Nfe4 50.Rd7+ Kh6  0-1

[Event "Eikrem mem"]
[Site "Gausdal NOR"]
[Date "2000.08.02"]
[Round "5"]
[White "Lomo,M"]
[Black "Bekker Jensen,Da"]
[Result "0-1"]
[WhiteElo "2043"]
[BlackElo "2320"]

1.e4 c5 2.Nf3 d6 3.d4 Nf6 4.Nc3 cxd4 5.Nxd4 a6 6.Be3 e5 7.Nb3 Be7 8.f3 Be6
9.Qd2 O-O 10.O-O-O b5 11.Kb1 b4 12.Nd5 Bxd5 13.exd5 a5 14.f4 a4 15.Nc1 exf4
16.Bxf4 a3 17.Qxb4 axb2 18.Nb3 Na6 19.Qb7 Nc7 20.Bg5 Nfxd5 21.Bd2 Qd7 22.Bc4 Rfb8
23.Bxd5 Rxb7 24.Bxb7 Ra7  0-1

[Event "HZ Open"]
[Site "Vlissingen NED"]
[Date "2000.08.03"]
[Round "7"]
[White "Van Delft,M"]
[Black "Azadmanesh,M"]
[Result "1/2-1/2"]
[WhiteElo "2320"]
[BlackElo "2141"]

1.e4 c5 2.Nf3 d6 3.d4 cxd4 4.Nxd4 Nf6 5.Nc3 a6 6.Be3 e5 7.Nb3 Be7 8.f3 h5
9.Qd2 Be6 10.O-O-O Nbd7 11.Kb1 b5 12.Qf2 Rb8 13.Nd5 Bxd5 14.exd5 Qc7 15.c4 bxc4
16.Rc1 Nb6 17.Bxb6 Qxb6 18.Qxb6 Rxb6 19.Bxc4 O-O 20.Na5 Nd7 21.Nc6 Bg5 22.Rc3 Nc5
23.Kc2 Nd7 24.a4 Nb8 25.a5 Rb7 26.b4 Rc8 27.Rb1 Nxc6 28.dxc6 Ra7 29.Bd5 Rb8
30.Kd3 Bd8 31.Rcb3 Kf8 32.g4 h4 33.h3 g5 34.Ke4 Ke8 35.Bc4 Rc8 36.b5 axb5
37.Bxb5 Bxa5 38.Ra1 Kd8 39.Rba3 Rca8 40.Kf5 Kc7  1/2-1/2

[Event "Scandic Hotels GM"]
[Site "Stockholm SWE"]
[Date "2000.08.04"]
[Round "7"]
[White "Wedberg,T"]
[Black "Tella,J"]
[Result "1-0"]
[WhiteElo "2473"]
[BlackElo "2428"]

1.e4 c5 2.Nf3 d6 3.d4 cxd4 4.Nxd4 Nf6 5.Nc3 a6 6.Be3 e6 7.g4 h6 8.Bg2 e5
9.Nf5 g6 10.Qe2 gxf5 11.exf5 Rg8 12.Bf3 Nc6 13.O-O-O Be7 14.h4 Nd4 15.Bxd4 exd4
16.Rxd4 Kf8 17.Qe3 Rh8 18.g5 hxg5 19.hxg5 Rxh1+ 20.Bxh1 Bxf5 21.gxf6 Bxf6
22.Rb4 Bg7 23.Rxb7 Qh4 24.Bd5 Bg6 25.Qf3 Qg5+ 26.Kb1 Bf6 27.a3 Bh5 28.Qd3 Bg6
29.Be4  1-0

[Event "Scandic Hotels GM"]
[Site "Stockholm SWE"]
[Date "2000.08.04"]
[Round "7"]
[White "Berg,E"]
[Black "Akesson,R"]
[Result "1-0"]
[WhiteElo "2456"]
[BlackElo "2486"]

1.e4 c5 2.Nf3 d6 3.d4 cxd4 4.Nxd4 Nf6 5.Nc3 a6 6.Be3 e6 7.f4 b5 8.Qf3 Bb7
9.Bd3 Nbd7 10.g4 b4 11.Nce2 Nc5 12.Ng3 Nfd7 13.O-O-O g6 14.f5 Ne5 15.Qe2 Qh4
16.fxe6 fxe6 17.Rhf1 Be7 18.Kb1 Qxg4 19.Qd2 Ncxd3 20.cxd3 a5 21.Qg2 Kd7 22.h3 Qh4
23.Nxe6 Kxe6 24.Rf4 Qh6 25.Rf6+ Bxf6 26.Bxh6 Rac8 27.Ne2 Rc7 28.d4 Nc4 29.Qg4+ Kf7
30.Rf1 Re8 31.d5 Ba6 32.Qf3  1-0

[Event "HZ Open"]
[Site "Vlissingen NED"]
[Date "2000.08.05"]
[Round "9"]
[White "Willemze,J"]
[Black "Azadmanesh,M"]
[Result "1/2-1/2"]
[WhiteElo "2298"]
[BlackElo "2141"]

1.e4 c5 2.Nf3 d6 3.d4 cxd4 4.Nxd4 Nf6 5.Nc3 a6 6.Be3 e5 7.Nb3 Be7 8.Qd2 Be6
9.f3 h5 10.a4 Nbd7 11.Be2 Rc8 12.O-O Nb6 13.Rfc1 d5 14.exd5 Nbxd5 15.Nxd5 Nxd5
16.Rd1 Nxe3 17.Qxe3 Qc7  1/2-1/2

[Event "TCh-ESP"]
[Site "Barcelona ESP"]
[Date "2000.08.06"]
[Round "2"]
[White "Morovic Fernandez,I"]
[Black "Shirov,A"]
[Result "0-1"]
[WhiteElo "2608"]
[BlackElo "2746"]

1.e4 c5 2.Nf3 d6 3.d4 cxd4 4.Nxd4 Nf6 5.Nc3 a6 6.Be3 e5 7.Nb3 Be6 8.f3 Nbd7
9.g4 b5 10.g5 b4 11.Ne2 Nh5 12.Qd2 a5 13.Ng3 Nxg3 14.hxg3 a4 15.Nc1 Qa5 16.Bh3 Bxh3
17.Rxh3 Nb6 18.b3 d5 19.Nd3 Bd6 20.Rd1 d4 21.Bg1 axb3 22.axb3 Rc8 23.Qh2 Qa2
24.Rxh7 Rxh7 25.Qxh7 Rxc2 26.g6 Qxb3 27.Qxg7 fxg6 28.Nxe5 Qc3+ 29.Kf1 Bxe5
30.Qxe5+ Kf7 31.Qf4+ Kg8 32.Bf2 Nd7 33.Qg5 Qxf3 34.Qxg6+ Kf8 35.Qf5+ Qxf5
36.exf5 Ne5 37.Bxd4 Nf3 38.Be3 b3  0-1

[Event "TCh-ESP"]
[Site "Barcelona ESP"]
[Date "2000.08.07"]
[Round "3"]
[White "Pavia Miralles,J"]
[Black "San Segundo Carrillo,P"]
[Result "0-1"]
[WhiteElo "2291"]
[BlackElo "2500"]

1.e4 c5 2.Nf3 d6 3.d4 Nf6 4.Nc3 cxd4 5.Nxd4 a6 6.Be3 e5 7.Nb3 Be6 8.f3 Be7
9.Qd2 O-O 10.O-O-O Nbd7 11.g4 Qc7 12.h4 b5 13.h5 b4 14.Nd5 Bxd5 15.exd5 a5
16.g5 a4 17.Na1 a3 18.Qxb4 Rfb8 19.Bb5 Ra5 20.gxf6 Raxb5 21.Qxa3 Nxf6 22.Bg5 Nxd5
23.Bxe7 Qxe7 24.Nb3 Nb4 25.c3 Qg5+ 26.Rd2 Nxa2+ 27.Qxa2 Rxb3 28.Rd1 Qe3 29.Kc2 Qb6
30.Kc1 Qe3 31.Kc2 Qb6 32.Kc1 Qc7 33.Kc2 Qb7 34.Rxd6 Rxb2+ 35.Kc1 Rb1+ 36.Kc2 Qb2+  0-1

[Event "FSELOB August"]
[Site "Budapest HUN"]
[Date "2000.08.07"]
[Round "3"]
[White "Erdelyi,Z"]
[Black "Antok,D"]
[Result "1/2-1/2"]
[WhiteElo "2207"]
[BlackElo "2145"]

1.e4 c5 2.Nf3 d6 3.d4 cxd4 4.Nxd4 Nf6 5.Nc3 a6 6.Be3 Nc6 7.Be2 e6 8.O-O Be7
9.f4 O-O 10.Kh1 Qc7 11.Qe1 Nxd4 12.Bxd4 b5 13.a3 Bb7 14.Qg3 Bc6 15.Rae1 Rad8
16.Bd3 Rd7 17.e5 dxe5 18.Bxe5 Qb7 19.f5 exf5 20.Rxf5 Ne8 21.Rh5 g6 22.Rh6 Bd6
23.Ne4 Bxe5 24.Qxe5 Bxe4 25.Bxe4 Qc7 26.Qg5 Nd6 27.Bd3 Re8 28.Rxe8+ Nxe8
29.Rh4 Re7 30.Qd2 Nf6 31.c4 Qe5 32.Kg1 Rd7 33.Qe2 Qxe2 34.Bxe2 Rd2 35.cxb5 Rxe2
36.bxa6 Re8 37.b4 Nd5 38.b5 Kf8 39.Rd4 Nb6 40.a4 Re1+ 41.Kf2 Ra1 42.Rd6 Nxa4
43.a7 Nb6 44.Rxb6 Rxa7 45.Rb8+ Kg7 46.b6 Ra2+ 47.Kf3 Rb2 48.h3 h5 49.g3  1/2-1/2

[Event "FSELOB August"]
[Site "Budapest HUN"]
[Date "2000.08.08"]
[Round "4"]
[White "Erdelyi,Z"]
[Black "Hohl,M"]
[Result "1-0"]
[WhiteElo "2207"]
[BlackElo "2042"]

1.e4 c5 2.Nf3 d6 3.d4 cxd4 4.Nxd4 Nf6 5.Nc3 a6 6.Be3 e5 7.Nb3 Be6 8.Qd2 Nbd7
9.O-O-O Be7 10.f3 Qc7 11.Kb1 O-O 12.g4 Nc5 13.h4 b5 14.h5 b4 15.Nd5 Bxd5
16.exd5 Nfd7 17.g5 a5 18.g6 a4 19.Nxc5 Nxc5 20.h6 fxg6 21.Bh3 Bf6 22.hxg7 Bxg7
23.Bxc5 Qxc5 24.Be6+ Rf7 25.Bxf7+ Kxf7 26.Rxh7 Kg8 27.Rdh1 a3 28.Qg5 Ra7
29.Qd8+  1-0

[Event "FSGM August"]
[Site "Budapest HUN"]
[Date "2000.08.08"]
[Round "4"]
[White "Medvegy,Z"]
[Black "Szeberenyi,A"]
[Result "1-0"]
[WhiteElo "2428"]
[BlackElo "2357"]

1.e4 c5 2.Nf3 d6 3.d4 cxd4 4.Nxd4 Nf6 5.Nc3 a6 6.Be3 Ng4 7.Bg5 h6 8.Bh4 g5
9.Bg3 Bg7 10.Be2 h5 11.Bxg4 Bxg4 12.f3 Bd7 13.Bf2 Nc6 14.Qd2 Qa5 15.O-O Nxd4
16.Bxd4 Be5 17.Bxe5 Qxe5 18.Nd5 Rc8 19.c3 f6 20.Rad1 Kf7 21.Qf2 Rhd8 22.Nb6 Rc6
23.Rd5 Qe6 24.h4 g4 25.Rxh5 Rg8 26.Nd5 Rg7 27.fxg4 Rxg4 28.Rf5 Kg7 29.Nxf6 exf6
30.Rxf6  1-0

[Event "FSELOA August"]
[Site "Budapest HUN"]
[Date "2000.08.10"]
[Round "6"]
[White "Timko,M"]
[Black "Berczes,D"]
[Result "0-1"]
[WhiteElo "2093"]
[BlackElo "2054"]

1.e4 c5 2.Nf3 d6 3.d4 cxd4 4.Nxd4 Nf6 5.Nc3 a6 6.Be3 e5 7.Nb3 Be6 8.h3 h6
9.Be2 b5 10.a3 Nbd7 11.Nd2 Rc8 12.Bg4 Nb6 13.Qf3 Nc4 14.Nxc4 Rxc4 15.Bf5 Bxf5
16.Qxf5 Qa8 17.f3 Be7 18.h4 g6 19.Qh3 d5 20.exd5 Nxd5 21.Nxd5 Qxd5 22.Rd1 Qc6
23.Qg3 Qe6 24.Rd2 f5 25.Re2 Kf7 26.Bc1 Rd8 27.c3 Rc5 28.O-O Qc4 29.Rxe5 Bd6
30.Rxc5 Bxc5+ 31.Kh2 Bd6  0-1

[Event "4th ch-Arab"]
[Site "Beirut LEB"]
[Date "2000.08.11"]
[Round "6"]
[White "Eid,Fa"]
[Black "Bouaziz,S"]
[Result "0-1"]
[WhiteElo "2390"]
[BlackElo "2383"]

1.e4 c5 2.Nf3 d6 3.d4 cxd4 4.Nxd4 Nf6 5.Nc3 a6 6.Be3 Nc6 7.Be2 Bd7 8.O-O e6
9.f4 Be7 10.Qe1 O-O 11.Rd1 Nxd4 12.Bxd4 Bc6 13.Bf3 Qc7 14.Qd2 Rad8 15.Qf2 Rc8
16.Bb6 Qb8 17.Rfe1 Rfe8 18.Rd2 Nd7 19.Be3 Qc7 20.Ne2 b5 21.Red1 Nf6 22.Ng3 Qb7
23.e5 Bxf3 24.gxf3 Nd5 25.Ne4 Nxe3 26.Qxe3 d5 27.Nd6 Bxd6 28.exd6 Red8 29.Rg2 g6
30.f5 exf5 31.Qe5 Qb6+ 32.Kh1 Qxd6 33.Qxf5 Qe6 34.Qd3 Qf6 35.c3 Rc4 36.Rg4 Rxg4
37.fxg4 Qf4 38.Qg3 Qc4 39.b3 Qe4+ 40.Qg2 Qe3 41.Qg3 Qe2  0-1

[Event "Paul Keres mem"]
[Site "Tallinn EST"]
[Date "2000.08.14"]
[Round "1"]
[White "Yemelin,V"]
[Black "Jogi,J"]
[Result "1-0"]
[WhiteElo "2510"]
[BlackElo "2043"]

1.e4 c5 2.Nf3 d6 3.d4 cxd4 4.Nxd4 Nf6 5.Nc3 a6 6.Be3 e6 7.Qd2 Be7 8.f3 Bd7
9.g4 h6 10.h4 Nc6 11.Qg2 g6 12.O-O-O Qa5 13.Kb1 Nxd4 14.Bxd4 e5 15.Be3 Be6
16.g5 hxg5 17.hxg5 Nh5 18.Qf2 Qd8 19.Qg1 Kf8 20.f4 exf4 21.Bxf4 Qc7 22.Be2 Kg8
23.Be3 Rc8 24.Bd4 Rh7 25.Bxh5 Rxh5 26.Rxh5 gxh5 27.Qh2 Bg4 28.Nd5 Qd8 29.Rg1 Rc4
30.Bf6 Rxe4 31.b3 Re2 32.Nxe7+ Qxe7 33.Rg2 Re1+ 34.Kb2 Qe3 35.Qxd6 Qc1+ 36.Kc3 Re3+
37.Kb4 Qe1+ 38.Ka3 Qc1+ 39.Bb2  1-0

[Event "FSELOA August"]
[Site "Budapest HUN"]
[Date "2000.08.15"]
[Round "11"]
[White "Berczes,D"]
[Black "Suranyi,P"]
[Result "0-1"]
[WhiteElo "2054"]
[BlackElo "2136"]

1.e4 c5 2.Nf3 d6 3.d4 cxd4 4.Nxd4 Nf6 5.Nc3 a6 6.Be3 Ng4 7.Bg5 h6 8.Bh4 g5
9.Bg3 Bg7 10.Be2 h5 11.Nf5 Bxf5 12.exf5 h4 13.Bxh4 Nxh2 14.Rxh2 gxh4 15.Rh3 Qa5
16.Re3 d5 17.Kf1 d4 18.b4 Qxf5 19.Bg4 Qg5 20.Ne4 Qg6 21.Re1 Nc6 22.Nc5 O-O
23.Rb1 a5 24.Bf3 e6 25.b5 Nb4 26.a3 Na2 27.Qd3 Qg5 28.Nxb7 Nc3 29.Rb2 Qf4
30.Bc6 Na4 31.Rbb1 Rab8 32.Nxa5 Nc3 33.Ra1 Qc7 34.Nb3 Qh2 35.Qh3 Qxh3 36.gxh3 Nxb5
37.Bxb5 Rxb5 38.Rad1 Ra8 39.Nxd4 Rba5 40.Re4 Bf6 41.Nf3 Rxa3 42.Kg2 Rc8 43.Rf4 Kg7
44.Rg4+ Kf8 45.Rd7 Ra5 46.Rf4 Be7 47.Nxh4 Rg5+ 48.Kf1 Rxc2 49.Nf3 Rc1+ 50.Ke2 Ra5
51.Rb7 Ra2+ 52.Ke3 Rc3+ 53.Ke4 Ra4+ 54.Nd4 f5+ 55.Ke5 Rc5+ 56.Kxe6 Ra6+ 57.Kd7 Rd6+  0-1

[Event "Paul Keres mem"]
[Site "Tallinn EST"]
[Date "2000.08.16"]
[Round "3"]
[White "Timoshenko,G"]
[Black "Shishkov,A"]
[Result "1/2-1/2"]
[WhiteElo "2557"]
[BlackElo "2339"]

1.e4 c5 2.Nf3 d6 3.d4 cxd4 4.Nxd4 Nf6 5.Nc3 a6 6.Be3 e6 7.f3 b5 8.Qd2 Nbd7
9.g4 Nb6 10.O-O-O Bb7 11.Bd3 Rc8 12.Kb1 Be7 13.Qe1 d5 14.g5 Nfd7 15.exd5 Nxd5
16.Nxd5 Bxd5 17.Rg1 Qc7 18.h4 Nc5 19.f4  1/2-1/2

[Event "Paul Keres mem"]
[Site "Tallinn EST"]
[Date "2000.08.16"]
[Round "3"]
[White "Yemelin,V"]
[Black "Lelumees,B"]
[Result "1-0"]
[WhiteElo "2510"]
[BlackElo "2142"]

1.e4 c5 2.Nf3 d6 3.d4 cxd4 4.Nxd4 Nf6 5.Nc3 a6 6.Be3 e5 7.Nb3 Be6 8.f3 Nc6
9.Nd5 Bxd5 10.exd5 Ne7 11.c4 b5 12.Bf2 a5 13.a4 bxc4 14.Bxc4 g6 15.Bb5+ Nd7
16.Nd2 Bg7 17.Nc4 Nc8 18.Qd2 O-O 19.Bc6 Rb8 20.Qxa5 e4 21.Qxd8 Rxd8 22.fxe4 Ne5
23.Nxe5 Bxe5 24.O-O Ne7 25.a5 Rdc8 26.a6 Nxc6 27.dxc6 Bxb2 28.Rab1 Ba3 29.Rxb8 Rxb8
30.a7 Ra8 31.Rb1  1-0